Kluby LaLigi - Nagła Śmierć - Poziom Trudny - Statystyki

Ogólne statystyki
  • Ten quiz został rozwiązany 449 razy
  • Średni wynik to 11 z 20
Answers on the Grid
Answers color-coded by a green-red scale on the quiz's grid according to % correct below.
Ath. Bilbao
Atletico Madryt
Cadiz
Celta
Cordoba
D. Alaves
Deportivo La Coruna
Eibar
Elche
Espanyol
FC Koln
FCB
Getafe
Girona FC
Granada
Huesca
Jagielonia
La havre
Las Palmas
Leganes
Levante
Malaga
Mallorca
Mirandes
Osasuna
Racing santander
Rayo Valecano
Real Betis
Real Madryt
Real Oviedo
Real Saragosa
Real Sociedad
Schalke04
Sevilla
Valencia
Valladolid
Villarreal
 
Statystyki odpowiedzi
Odpowiedź % Poprawnych
Ath. Bilbao
94%
Atletico Madryt
94%
Celta
61%
Sevilla
58%
Valencia
58%
Real Madryt
57%
Villarreal
56%
Real Betis
55%
Espanyol
54%
Girona FC
53%
Real Sociedad
52%
FCB
51%
Getafe
50%
D. Alaves
49%
Rayo Valecano
47%
Osasuna
46%
Mallorca
45%
Las Palmas
44%
Valladolid
44%
Leganes
37%
Nie znaleziono quizów pasujących do podanych kryteriów
Rozkład punktacji
Procent ludzi z każdym wynikiem
Percentyl według liczby udzielonych odpowiedzi
Twoja historia wyników
Nie rozwiązałeś tego quizu